An introductory to quantitative methods for decision making (Record no. 27272)

MARC details
000 -LEADER
fixed length control field 00450nam a2200169Ia 4500
020 ## - INTERNATIONAL STANDARD BOOK NUMBER
ISBN 0- 03- 008441- 5
050 ## - CALL MARK
Classification number HD69.D4T78
100 ## - STATEMENT OF RESPONSIBILITY--MAIN AUTHOR NAME
Personal name Richard E. Trueman
245 #3 - TITLE STATEMENT
Title An introductory to quantitative methods for decision making
260 ## - PUBLICATION, DISTRIBUTION, ETC. (IMPRINT)
Name of publisher Holt, rinehart and winston
260 ## - PUBLICATION, DISTRIBUTION, ETC. (IMPRINT)
Year of publication 1974
300 ## - PHYSICAL DESCRIPTION
Number of Pages 624 p
650 ## - SUBJECT ADDED ENTRY--TOPICAL TERM
Topical Term Statistical decision
942 ## - ADDED ENTRY ELEMENTS (KOHA)
Koha item type Books
Holdings
Withdrawn status Lost status Source of classification or shelving scheme Damaged status Not for loan Permanent Location Current Location Date acquired Accession Number Price effective from Koha item type
    Library of Congress Classification     NILE UNIVERSITY OF NIGERIA - MAIN LIBRARY NILE UNIVERSITY OF NIGERIA - MAIN LIBRARY 04/23/2025 0003388 04/23/2025 Books